000 01163cam a2200265 4500
002 7809
008 050124n2005 000 0 eng u
020 _a0632064862
035 _a(Sirsi) u128583
041 _aeng
050 _a333.72
_c18
100 _aBrandon, Peter S.
245 _aEvaluating sustainable development in the built environment
260 _aOxford
_bBlackwell Science
_c2005
300 _aviii, 232p.
_b25cm.
350 _a31.45
520 _aProvides a structure in which all aspects of sustainable development including the built environment can be evaluated in an integrated way. The required structure must aid definition, provide a common set of values, establish measurement methods to define progress and suggest a management system and decision protocol, which enables practitioners to engage and use the resultant structures and information. Offers a set of evaluation techniques and case studies. References.
590 _aNB
650 _aSUSTAINABLE DEVELOPMENT
650 _aBUILT ENVIRONMENT
650 _aECONOMIC DEVELOPMENT
690 _aDEVELOPMENT-SUSTAINABLE
700 _aLombardi, Patrizia
942 _n0
999 _c103956
_d103956